000 00586nam a2200217 a 4500
001 62950
003 BD-RjUL
005 20211209081138.0
008 170126r19911990enk 000 1 eng d
020 _a0340543817
035 _a(BD-RjUL)63078
040 _aBD-RjUL
_beng
_cBD-RjUL
_dBD-RjUL
041 _aeng
082 _a823
_223
_bLES 1991
100 1 _aLe Carré, John,
_d1931-
_9187217
245 1 4 _aThe secret pilgrim /
_cJohn le Carré..
260 _aLondon :
_bHodder & Stoughton,
_c1991, c1990.
300 _a335 p. ;
_c25 cm.
650 _aFiction
_9180267
942 _2ddc
_cBK
999 _c62950
_d62950